000 00821nam a2200289Ia 4500
005 20260324130031.0
008 008 260324s9999 xx 000 0 eng d
020 _a9781315699394
037 _aEBOOK
040 _aCRL
040 _beng
040 _cCRL
041 _2eng
041 _aeng
084 _qCRL
100 _aSarolta Takacs; Mounir Farah
_91180271
245 4 _aThe Modern World
245 0 _bCivilizations of Africa, Civilizations of Europe, Civilizations of the Americas, Civilizations of the Middle East and Southwest Asia, Civilizations of Asia and the Pacific
260 _bTaylor and Francis
260 _c2008
365 _a
365 _b660
856 _uhttp://www.taylorfrancis.com/books/9781315699394
942 _cEBOOK
999 _c1776034
_d1776034